| 000 | 00461pab a2200169 454500 | ||
|---|---|---|---|
| 008 | 180718b2009 xxu||||| |||| 00| 0 eng d | ||
| 100 | _aDatta, Amrita | ||
| 245 | _aPublic-private partnerships in India: a case for reform? | ||
| 260 | _c2009 | ||
| 300 | _ap.73-78. | ||
| 362 | _a15 Aug | ||
| 650 | _aPublic private partnerships - India | ||
| 650 | _aPublic private partnerships | ||
| 773 | _aEconomic and Political Weekly | ||
| 908 | _aN | ||
| 909 | _a83432 | ||
| 999 |
_c83432 _d83432 |
||